|
|
|
|
| LEADER |
00699naa a2200193 i 4500 |
| 001 |
publ26114 |
| 005 |
20230111110615.0 |
| 008 |
230111s2022 hu o 0|| Magyar d |
| 020 |
|
|
|a 9786155710926
|
| 024 |
7 |
|
|a 32728250
|2 mtmt
|
| 040 |
|
|
|a SZTE Publicatio Repozitórium
|b hun
|
| 041 |
|
|
|a Magyar
|
| 100 |
1 |
|
|a Görög Márta
|
| 245 |
1 |
0 |
|a Szerzői jog
|h [elektronikus dokumentum] /
|c Görög Márta
|
| 260 |
|
|
|a Magyar Közlöny Lap- és Könyvkiadó Kft.
|b Budapest
|c 2022
|
| 300 |
|
|
|a 287-302
|
| 490 |
0 |
|
|a Az igazságügyi hivatásrendek tevékenységét érintő jogi alapfogalmak magyarázata
|
| 650 |
|
4 |
|a Jogtudomány
|
| 856 |
4 |
0 |
|u http://publicatio.bibl.u-szeged.hu/26114/1/Gorog.pdf
|z Dokumentum-elérés
|